जीव विज्ञानं कोश/ (Record no. 200255)
[ view plain ]
| 000 -LEADER | |
|---|---|
| fixed length control field | 00711nam a22001817a 4500 |
| 005 - DATE AND TIME OF LATEST TRANSACTION | |
| control field | 20240206104645.0 |
| 010 ## - LCCN (DPL NO) | |
| LC control number | HIN-126770 |
| 020 ## - INTERNATIONAL STANDARD BOOK NUMBER | |
| International Standard Book Number | 9788189354169 |
| Terms of availability | 400.00 |
| 035 ## - SYSTEM CONTROL NUMBER | |
| System control number | HN-99116 |
| 037 ## - SOURCE OF ACQUISITION | |
| Source of stock number/acquisition | DBAD/PUB |
| 082 ## - DEWEY DECIMAL CLASSIFICATION NUMBER | |
| Classification number | 570 |
| 100 ## - MAIN ENTRY--PERSONAL NAME | |
| Personal name | गोयल,नितिन |
| 245 ## - TITLE STATEMENT | |
| Title | जीव विज्ञानं कोश/ |
| Remainder of title | |
| Statement of responsibility, etc | नितिन गोयल |
| 260 ## - PUBLICATION, DISTRIBUTION, ETC. (IMPRINT) | |
| Place of publication, distribution, etc | दिल्ली |
| Name of publisher, distributor, etc | सदाचार प्रकाशन |
| Date of publication, distribution, etc | 2021 |
| 270 ## - ADDRESS | |
| Address | 1376 ,दूसरी मंजिल कश्मीरी गेट , |
| City | दिल्ली |
| Postal code | 110006 |
| 300 ## - PHYSICAL DESCRIPTION | |
| Extent | 216 पृष्ठ; |
| Dimensions | 22सेमी (सजिल्द) |
| 942 ## - ADDED ENTRY ELEMENTS (KOHA) | |
| Item type | Hindi Books |
| Source of classification or shelving scheme | Dewey Decimal Classification |
| Classification part | 570 |
| Call number suffix | गोयल |
| Withdrawn status | Lost status | Not for loan | Collection code | Home library | Current library | Date acquired | Source of acquisition | Cost, normal purchase price | Full call number | Barcode | Copy number | Cost, replacement price | Koha item type |
|---|---|---|---|---|---|---|---|---|---|---|---|---|---|
| Non-fiction | Sarojini Nagar | Sarojini Nagar | 18/01/2024 | DBAD/PUB | 400.00 | 570 गोयल | HN-99116 | 1 | 400.00 | Hindi Books |
